000 01943nam0a2200349 i 4500
001 RU\NLR\BIBL_A\012182356
005 20240921224215.0
010 _a9785600025523
_9100
021 _aRU
_b2019-94159
_9КН-П-6900
035 _a(RuMoRGB)010188399
035 _a(NLR Aleph) 012182356
090 _a12283635
_c12283635
100 _a20200120d2019 um y0rusy50 ca
101 0 _arus
102 _aRU
105 _aa|||z|||000zy
181 0 _ai
_baxxe
182 0 _an
200 1 _aКриминологическая характеристика и предупреждение преступлений, совершаемых в состоянии опьянения
_eучебное пособие
_fЮ. И. Козаренко
203 _aТекст
_bвизуальный
_cнепосредственный
210 _aВолгоград
_cИП Слободчикова А. Д.
_d2019
215 _a108 с.
_cил., табл.
_d21
320 _aБиблиогр.: с. 52-76 (289 назв.) и в подстроч. примеч.
606 1 _aПреступления, совершенные в состоянии алкогольного опьянения
_jУчебные издания для высших учебных заведений
_xКриминологические исследования
_yРоссийская Федерация
_92436217
_3RU\NLR\AUTH\6601667713
606 1 _aПреступления, совершенные в состоянии алкогольного опьянения
_jУчебные издания для высших учебных заведений
_xПредупреждение
_yРоссийская Федерация
_92436219
_3RU\NLR\AUTH\6601667714
686 1 _aХ628.101.104я73
686 1 _aХ628.322я73
700 1 _aКозаренко
_bЮ. И.
_gЮлия Игоревна
942 _cBOOK
980 _aNBR